| 000 | 00555nam a2200193Ia 4500 | ||
|---|---|---|---|
| 005 | 20250326140721.0 | ||
| 008 | 250326s9999 xx 000 0 und d | ||
| 020 | _a0-07-462337-0 | ||
| 037 | _aTextbook | ||
| 040 |
_aFMSL _beng _cFMSL |
||
| 041 |
_aeng _2eng |
||
| 084 |
_aX:8.44 N5 _qFMSL |
||
| 100 |
_aPrasad R R _9403185 |
||
| 245 | 0 |
_aIndian management emerging responses _cPrasad R R And Others |
|
| 260 |
_aNew Delhi _bNew Delhi, Bharat Law House _c1993 |
||
| 300 | _axi,220 | ||
| 942 |
_cTB _hX:8.44 N5 |
||
| 999 |
_c1286991 _d1286991 |
||